00798 a2200229 4500020002500000020002200025050002100047100002900068245007100097264004600168300002500214336002600239337002800265338002700293440003200320500002000352504005500372650004500427650004200472650003000514700002400544 a9780194370028 (pbk.) a019437002X (pbk.)00aP53.4b.BAC 19901 aBachman, Lyle F.,d1944-10aFundamental considerations in language testing /cLyle F. Bachman. a Oxford:bOxford University Press,c 1990 axi, 408 p. :bill. ; 2rdacontentatxtbtext 2unmediatedanbrdamedia 2volumeancbrdacarrier a Oxford applied linguistics aIncludes index. aIncludes bibliographical references (p. [361]-394) 0aLanguage and languagesxAbility testing. 0aLanguage and languagesxExaminations. 0aCommunicative competence.1 aSavignon, Sandra J.